Wałbrzych - quiz wielokrotnego wyboru - Statystyki

Ogólne statystyki
  • Ten quiz został rozwiązany 23 razy
  • Średni wynik to 11 z 15
Statystyki odpowiedzi
Zagadnienie Odpowiedź % Poprawnych
W którym województwie położony jest Wałbrzych? Dolnośląskim
100%
Który zamek, będący trzecim co do wielkości zamkiem w Polsce, znajduje się w granicach administracyjnych Wałbrzycha? Zamek Książ
100%
Legendarny obiekt, który rzekomo został ukryty w tunelach pod Wałbrzychem pod koniec II wojny światowej, to: Złoty Pociąg
95%
Z jakiego surowca słynęła wałbrzyska fabryka 'Krzysztof' lub 'Wałbrzych'? Porcelana
90%
Które z poniższych osiedli w Wałbrzychu jest największe pod względem liczby mieszkańców i zostało zbudowane głównie z wielkiej płyty? Podzamcze
86%
Charakterystyczny szczyt górujący nad miastem z wieżą telekomunikacyjną to: Chełmiec
81%
Co znajduje się na godle Wałbrzycha? Dąb
81%
Jak nazywa się rzeka przepływająca przez Wałbrzych, która w dużej części płynie w podziemnych kanałach pod miastem? Pełcznica
81%
Wałbrzyski Rynek wyróżnia się brakiem jednego charakterystycznego elementu, który posiada większość starych miast w Polsce. Czego nie ma na samym środku Rynku? Ratusza
76%
Jak nazywa się dzielnica Wałbrzycha, w której znajduje się zabytkowy Rynek i Ratusz? Śródmieście
76%
Jaki szczyt jest najwyższym szczytem gór Wałbrzyskich? Borowa
71%
Kiedy zamknięto pierwszy raz kopalnię w Wałbrzychu W 1992 roku
52%
Słynny "Dom pod Kotwicą" to zabytek znajdujący się przy wałbrzyskim Rynku. Jaką funkcję pełnił on pierwotnie w XVIII wieku? Dom kupca winnego
43%
Jak nazywa się słynna palmiarnia w Wałbrzychu, ufundowana przez Jana Henryka XV dla jego żony Daisy? Palmiarnia Lubiechowska
43%
Kiedy zamknięto ostatnią kopalnię w Wałbrzychu? W 1998
33%
Nie znaleziono quizów pasujących do podanych kryteriów
Rozkład punktacji
Procent ludzi z każdym wynikiem
Percentyl według liczby udzielonych odpowiedzi
Twoja historia wyników
Nie rozwiązałeś tego quizu